000
00244nam a2200109Ia 4500
005
20251222114348.0
008
251222s1900||||xx |||||||||||||| ||spa||
082
_a
DVD0070 R14/1994/Ej.3
245
0
_a
El cartero
264
_b
Miramax
942
_c
DVD
999
_c
1111
_d
1111